| 000 | 00665nam a2200217 i 4500 | ||
|---|---|---|---|
| 001 | 77724 | ||
| 003 | ES-MaACL | ||
| 005 | 20240409154137.0 | ||
| 007 | t| | ||
| 008 | 041105s2001 pr ||||1| spa d | ||
| 020 | _a0-8477-0119-0 | ||
| 080 | _a821.134.2(729.5)-31"19" | ||
| 100 | 1 |
_aFigueroa Cardona, Iris. _950792 |
|
| 245 | 1 | 0 |
_aDesnudos al sur / _cIris Figueroa Cardona. |
| 250 | _a1ª ed. | ||
| 260 |
_aSan Juan de Puerto Rico : _bUniversidad de Puerto Rico, _c2001. |
||
| 300 |
_a60 p. ; _c22 cm. |
||
| 650 | 4 |
_aPoesía puertorriqueña _916155 |
|
| 852 |
_aES-MaACL _jE-10249 _bR.134479 |
||
| 999 |
_c77724 _d77724 |
||